Miasta w Chinach czy w Japonii? - klikanie - Statystyki

Ogólne statystyki
  • Ten quiz został rozwiązany 46 razy
  • Średni wynik to 14 z 16
Statystyki odpowiedzi
Hint Odpowiedź % Poprawnych
Kioto Japonia
100%
Nagoja Japonia
98%
Fukuoka Japonia
98%
Tiencin Chiny
95%
Chengdu Chiny
95%
Harbin Chiny
95%
Akita Japonia
95%
Dalian Chiny
93%
Kunming Chiny
93%
Qingdao Chiny
90%
Matsuyama Japonia
90%
Niigata Japonia
88%
Chiba Japonia
80%
Sendai Japonia
73%
Foshan Chiny
71%
Ordos Chiny
63%
Nie znaleziono quizów pasujących do podanych kryteriów
Rozkład punktacji
Procent ludzi z każdym wynikiem
Percentyl według liczby udzielonych odpowiedzi
Twoja historia wyników
Nie rozwiązałeś tego quizu